Red dot design yearbook 2006/2007
Gespeichert in:
| Weitere Verfasser: | |
|---|---|
| Format: | Buch |
| Sprache: | Englisch |
| Veröffentlicht: |
Essen :
red dot Edition,
2006
|
| Schlagworte: | |
| Tags: |
Keine Tags, Fügen Sie das erste Tag hinzu!
|
MARC
| LEADER | 00000nam a22000003a 4500 | ||
|---|---|---|---|
| 001 | stu137506 | ||
| 005 | 20150617225920.9 | ||
| 008 | 070131s2006------------------------eng-d | ||
| 020 | |a 978-3-89939-077-3 | ||
| 040 | |a STU |b slo | ||
| 041 | 0 | |a eng | |
| 100 | 1 | |a Zec, Peter |4 edt | |
| 245 | 1 | |a Red dot design yearbook 2006/2007 | |
| 260 | |a Essen : |b red dot Edition, |c 2006 | ||
| 300 | |a 576 s | ||
| 650 | 7 | |a dizajn |2 stusub | |
| 650 | 7 | |a ročenka |2 stusub | |
| 996 | |b 284AU03409 |c A*5207 U |l AAKNST |s P |a 0 |w stu137506_0001 | ||